|
|
|
|
| LEADER |
00000cam a2200000 a 4500 |
| 001 |
vtls011568160 |
| 003 |
SK-MaSNL |
| 005 |
20260302014716.0 |
| 008 |
240313s2016 xo od g hn 001 0bslo |
| 015 |
|
|
|a SNBA2017/8
|
| 020 |
|
|
|a 9788089311767
|q (viazané)
|
| 035 |
|
|
|a urn:nbn:sk:snk-am00djw1
|
| 035 |
|
|
|a urn:nbn:sk:snk-am3i4lt
|
| 035 |
|
|
|a A580E263-5FBD-49F9-B890-97CC16787A7F
|
| 040 |
|
|
|a SNK
|b slo
|c SNK
|e AACR2
|
| 041 |
1 |
|
|a slo
|h eng
|
| 043 |
|
|
|a e-sz---
|
| 044 |
|
|
|a xo
|c SK
|
| 072 |
|
7 |
|a 796
|x Šport. Hry. Telesné cvičenia
|2 konspekt
|
| 072 |
|
7 |
|a 929
|x Biografie
|2 konspekt
|
| 080 |
|
|
|a 796.342
|2 2011
|
| 080 |
|
|
|a 796.342.071.2
|2 2011
|
| 080 |
|
|
|a (494)
|2 2011
|
| 080 |
|
|
|a (092)
|2 2011
|
| 100 |
1 |
|
|a Hodgkinson, Mark
|4 aut
|9 659658
|
| 240 |
1 |
0 |
|a Fedegraphica : A graphic biography of the genius of Roger Federer
|l Slovensky
|
| 245 |
1 |
0 |
|a Fedegrafika
|b grafický životopis tenisového génia Rogera Federera
|c Mark Hodgkinson ; [preklad: Igor Otčenáš]
|
| 260 |
|
|
|a Bratislava
|b Timy Partners
|c 2016
|
| 300 |
|
|
|a 272 s.
|b fotogr., grafy, tab.
|c 24 cm
|
| 504 |
|
|
|a Bibliogr.: s. 264-265 ; reg.
|
| 600 |
1 |
7 |
|a Federer, Roger,
|d 1981-
|2 SNKMA
|9 105529
|
| 648 |
|
7 |
|a 20.-21. storočie
|2 SNKPH
|9 302531
|
| 650 |
0 |
7 |
|a tenis
|2 SNKPH
|9 3293
|
| 650 |
0 |
7 |
|a tenisti
|2 SNKPH
|9 30422
|
| 650 |
0 |
7 |
|a Tennis
|2 SNKPHeng
|9 267007
|
| 650 |
0 |
7 |
|a Tennis players
|2 SNKPHeng
|9 323759
|
| 651 |
|
7 |
|a Švajčiarsko
|2 SNKPHgeo
|9 20143
|
| 651 |
|
7 |
|a Switzerland
|2 SNKPHeng
|9 319826
|
| 655 |
|
7 |
|a biografie
|2 SNKPH
|9 27965
|
| 655 |
|
7 |
|a Biography
|2 SNKPHeng
|9 266314
|
| 700 |
1 |
|
|a Otčenáš, Igor,
|d 1956-
|4 trl
|9 186730
|
| 919 |
|
|
|a 978-80-89311-76-7
|
| 958 |
|
|
|a NB
|
| 958 |
|
|
|a UP
|
| 958 |
|
|
|a BC
|
| 958 |
|
|
|a CH
|
| 999 |
|
|
|c 1017955
|d 1019885
|
| 952 |
|
|
|a SNK
|b SNK
|y PREZ
|7 0
|p 17A1268955
|o snkSC 175426
|i snk2017/15956
|8 0
|0 0
|1 0
|4 0
|d 2017-07-10
|f 1
|l 0
|r 2025-09-17 00:00:00
|w 2026-02-24
|
| 952 |
|
|
|a SNK
|b SNK
|y VYP
|7 0
|p 17A1268956
|o snkSC 175426 D1
|i snk2017/15957
|8 0
|0 0
|1 0
|4 0
|d 2017-07-10
|l 0
|r 2026-02-24 13:14:41
|w 2026-02-24
|